00858naa#a2200157#i#4500001001500000005001700015100004100032102000700073200026100080210016900341215001000510608006000520675007200580700003000652856001800682RU\\bibl\1944020260516130907.6##a20260515b2026####ek#y0rusy0150####ca##aRU1#aПРАКТИЧЕСКАЯ РЕАЛИЗАЦИЯ МЕТОДИКИ ОЦЕНКИ ГУСТОТЫ НЕЖЕЛАТЕЛЬНОЙ ПОРОСЛИ ПРИ ЗАРАСТАНИИ ОБЪЕКТОВ ИНФРАСТРУКТУРЫeСтатья/тезисы конференции1#aВоронежcВоронежский государственный лесотехнический университет имени Г.Ф. Морозоваd2026##a7 с.##aСтатья/тезисы конференции2local##aУсловия существования растений. 630.181#1aПлатоновgА. А.4#abibl.vgltu.ru